Najpopularniejsze około rapowe piosenki w 2022 - Statystyki

Ogólne statystyki
  • Ten quiz został rozwiązany 105 razy
  • Średni wynik to 8 z 30
Statystyki odpowiedzi
Hint Odpowiedź % Poprawnych
40mln+ Lawenda
54%
50mln+ Złote tarasy
51%
15mln+ Riri
47%
20mln+ Jeżyk
44%
15mln+ Patoprohibicja
41%
30mln+ Jetlag
39%
15mln+ Parapetówa
38%
15mln+ Jakie to uczucie
34%
10mln+ 18
33%
10mln+ Bedoesiara
32%
20mln+ Dres
32%
20mln+ Piękny świat
28%
30mln+ La manga
27%
40mln+ Pijemy za lepszy czas
25%
20mln+ Bmw
24%
10ml+ Nie mam czasu na wakacje
24%
10mln+ Łyk i buch
23%
15mln+ Proste fakty
23%
15mln+ Agrest i bez
22%
10mln+ Droga pani
19%
20mln+ Lot
19%
10mln+ Co to za bluza Lanek
16%
10mln+ Zosia
16%
10mln+ Awaryjne światła
14%
15mln+ Pakuje walize
13%
10mln+ Zegarek ze Szwajcarii
11%
15mln+ Boję się kochać
10%
10mln+ Jeszcze będzie pięknie
8%
10mln+ Na blokach
4%
10mln+ (Po)ciąg dalszy
4%
Nie znaleziono quizów pasujących do podanych kryteriów
Rozkład punktacji
Procent ludzi z każdym wynikiem
Percentyl według liczby udzielonych odpowiedzi
Twoja historia wyników
Nie rozwiązałeś tego quizu